000 01986cam a22005174i 4500
003 PE-LiUPU
005 20250731173435.0
008 150706s r 000 0 d
020 _a9780789917454
035 _a(Sirsi) i9780789917454
040 _aPE-LiUPU
_bspa
_cPE-LiUPU
_erda
049 _aPRUA
082 0 4 _a248.845
_bC26
_221
100 1 _aCaruana, Vicki,
_eautor.
245 1 0 _aEn defensa de tu hijo. sin ofenderlo /
_cVicki Caruana.
250 _a1a ed.
264 1 _aMiami, Florida :
_bUnilit,
_c2013.
300 _a176 páginas ;
_c21 cm.
336 _atext
_2rdacontent
337 _aunmediated
_2rdamedia
338 _avolume
_2rdacarrier
500 _aTitulo original: Standing up for your child without stepping on toes.
505 0 _aEn el principio -- El defensor perfecto -- El amigo, el acosador y el héroe -- Había una vez -- Cuándo se debe intervenir -- Una combinación perfecta -- En busca de orientación -- Cómo causar una impresión favorable -- Aprende a no intervenir -- Cuando lo mejor que haces no es suficiente.
526 _aSEG42
526 _aSEG41
526 _aSEG40
526 _aSEG39
526 _aP94
526 _aP87
526 _aP86
526 _aP85
526 _aP77
526 _aP76
526 _aP35
541 _g001-0000706;
650 0 4 _aPaternidad
_xCristianismo.
650 0 4 _aEducación de niños
_xCristianismo.
700 1 _aMonsalve, Raquel,
_etr.
700 1 _aRojas, Juan,
_eed.
910 _agl
_clch
_d20131104
942 _2ddc
_cBOOK
949 _a248.845 C26
_wDEWEY
_c1
_i68495
_lCCODEBUL1
_mBUL
_p16.00
_r0
_sY
_tBOOK
_u2015-7-6
_xTEOLOGIA
_PP35
_o.STAFF. Colección General
994 _aC0
_bPEPRU
596 _a1
999 _a248.845 C26
_wDEWEY
_c55882
_i68495
_d55882
_f2021-11-10
_g5
_lCCODEBUL1
_mBUL
_p16.00
_q1
_r0
_sY
_tBOOK
_u2015-7-6
_xTEOLOGIA
_PP35
_0COMPRA
_o.STAFF. Colección General
980 _81
_gALBERTO SANCHEZ Responsable de Automatización